A textbook of Geologie / (Record no. 88429)

MARC details
000 -LEADER
campo de control de longitud fija 00537nam a2200181 i 4500
001 - NÚMERO DE CONTROL
campo de control 88429
003 - IDENTIFICADOR DE NÚMERO DE CONTROL
campo de control ES-MaACL
005 - FECHA Y HORA DE LA ÚLTIMA TRANSACCIÓN
campo de control 20230906175847.0
007 - CAMPO FIJO DE DESCRIPCIÓN FÍSICA--INFORMACIÓN GENERAL
campo de control de longitud fija t|
008 - DATOS DE LONGITUD FIJA--INFORMACIÓN GENERAL
campo de control de longitud fija 050104s1920 xxk ||||1| eng d
100 1# - ENTRADA PRINCIPAL--NOMBRE DE PERSONA
Nombre de persona Lake, Philip.
9 (RLIN) 69718
245 12 - MENCIÓN DEL TÍTULO
Título A textbook of Geologie /
Mención de responsabilidad, etc. by Philip Lake and R.H. Rastall.
250 ## - MENCION DE EDICION
Mención de edición 3rd ed.
260 ## - PUBLICACIÓN, DISTRIBUCIÓN, ETC.
Lugar de publicación, distribución, etc. London :
Nombre del editor, distribuidor, etc. Edward Arnold,
Fecha de publicación, distribución, etc. 1920 (
Lugar de fabricación/manufactura Guilford, Esher :
Fabricante Billing and sons)
300 ## - DESCRIPCIÓN FÍSICA
Extensión XIV, 508 p. :
Otras características físicas il. ;
Dimensiones 22 cm.
700 1# - ENTRADA AGREGADA--NOMBRE PERSONAL
Nombre de persona Rastall, R. H.
9 (RLIN) 95513
852 ## - LOCALIZACIÓN
Ubicación ES-MaACL
Número de control de estantería B-12473
Holdings
Estatus retirado Estado de pérdida Estado de daño No para préstamo Biblioteca de origen Biblioteca actual Ubicación en estantería Fecha de adquisición Fuente de adquisición Total de préstamos Signatura topográfica completa Código de barras Visto por última vez Precio de reemplazo Tipo de ítem Koha
        Biblioteca del Ateneo de Madrid Biblioteca del Ateneo de Madrid Sala Pardo Bazán 17/01/2008     B-12473 1092373 23/02/2023 23/02/2023 Libro impreso